000 00670nam a22001935i 4500
001 157242
003 ES-MaACL
005 20230906210629.0
008 940301s1868 fr |||| | fre d
040 _aCLM
_bspa
100 1 _aLaugel, Auguste.
_9128735
245 1 4 _aLes problèmes de l'ame /
_cpar Auguste Laugel.
260 _aParis :
_bGermer Baillière, libraire-éditeur...,
_c1868 (
_fImprimerie de E. Martinet...)
300 _a163, 24 p. ;
_c19 cm.
505 8 _aCon pag. propia catálogo de obras publicadas por G.Bailliere fechado en "juillet 1878"
597 1 _aAntep.
650 4 _aAlma.
_99739
852 _aES-MaACL
_jF-12020
_z-- Enc. pasta española
999 _c157242
_d157242